000 00525 a2200169 4500
001 ART_39664
005 20260410162012.0
008 260409a
245 1 0 _aPropuesta de clasificación y ejemplos de concepciones alternativas
100 1 _aGiuliano, M.
700 1 _aVázquez, A.
700 1 _aChrobak, R.
700 1 _aVázquez, S.
700 1 _aDasso, J.
700 1 _aAlvarez, M.
773 0 _tPropuestas para la sociedad, el gobierno y la producción
_g- Año 5, Nº 9 (nov. 2001)
_wREV39547
999 _c32292
_d32292